| 000 | 00459nam a2200157Ia 4500 | ||
|---|---|---|---|
| 008 | 170221s9999 xx 000 0 und d | ||
| 100 | _aRobert Kalwinsky | ||
| 245 | _aMobile Education:Pedagogy, Technology and Collaboration | ||
| 245 | _cRobert Kalwinsky | ||
| 260 | _bOnline Journal of Communication and Media Technologies | ||
| 260 | _c2016 | ||
| 300 | _a5 : 3 | ||
| 650 | _xCommunication | ||
| 650 | _xMedia Arts | ||
| 856 | _uhttp://www.ojcmt.net/ | ||
| 999 |
_c312958 _d312958 |
||